000 00582nmm a2200169Ia 4500
008 251105s9999||||xx |||||||||||||||||und||
020 _a9789587386196
041 _aspa
100 _aAragón Garzón, Catherine
245 0 _aEl "otro" de la antropología : Tensiones y conflictos generados en la práctica de la antropología de negocios
264 _a[Bogotá, Colombia] :
_bUniversidad del Rosario,
_c2015
300 _a222 páginas
490 _aTextos de Jurisprudencia
650 _aAnthropology
856 _uhttps://public.digitaliapublishing.com/a/46538
942 _cCF
999 _c95829
_d95829